000
00326nam a2200133Ia 4500
008
240624s9999 xx 000 0 und d
041
_a
eng
082
_a
658.4012 VOL
100
_a
VOLBERDA HENK W
245
_a
RETHINKING STRATEGY
260
_c
2001
_a
New Delhi
_b
SAGE Publications Ltd
300
_a
336 : p.
365
_c
_b
30
999
_c
20313
_d
20313